Time by mail: the inmate's marriage encounter by mail

Gespeichert in:  
Bibliographische Detailangaben
1. VerfasserIn: Wasser, Sally (Verfasst von)
Medienart: Druck Buch
Sprache:Englisch
Veröffentlicht: Cincinnati, Ohio National Marriage Encounter Prison Ministry 1991
In:Jahr: 1991
Bestand in Tübingen:In Tübingen vorhanden.
UB: KB 8 E 5256
Verfügbarkeit prüfen: HBZ Gateway
Subito Bestelldienst: Jetzt bestellen.

MARC

LEADER 00000cam a2200000 c 4500
001 1631101560
003 DE-627
005 20220607124153.0
007 tu
008 941216s1991 xx ||||| 00| ||eng c
020 |a 0963004905  |9 0-9630049-0-5 
035 |a (DE-627)1631101560 
035 |a (DE-576)042614910 
035 |a (DE-599)BSZ042614910 
035 |a (OCoLC)26953702 
040 |a DE-627  |b ger  |c DE-627  |e rakwb 
041 |a eng 
100 1 |a Wasser, Sally  |4 aut 
245 1 0 |a Time by mail  |b the inmate's marriage encounter by mail  |c [Sally Wasser] 
264 1 |a Cincinnati, Ohio  |b National Marriage Encounter Prison Ministry  |c 1991 
300 |a 127 S. 
336 |a Text  |b txt  |2 rdacontent 
337 |a ohne Hilfsmittel zu benutzen  |b n  |2 rdamedia 
338 |a Band  |b nc  |2 rdacarrier 
583 1 |a Archivierung prüfen  |c 20200919  |f DE-640  |z 1  |2 pdager 
951 |a BO 
ELC |b 1 
LOK |0 000 xxxxxcx a22 zn 4500 
LOK |0 001 3281422098 
LOK |0 003 DE-627 
LOK |0 004 1631101560 
LOK |0 005 19960509000000 
LOK |0 008 941216||||||||||||||||ger||||||| 
LOK |0 040   |a DE-21  |c DE-627  |d DE-21 
LOK |0 852   |a DE-21 
LOK |0 852 1  |c KB 8 E 5256  |9 00 
LOK |0 935   |a krim 
LOK |0 936ln  |a k12.13.1 
LOK |0 939   |a 16-12-94  |b l01 
ORI |a SA-MARC-krimdoka001.raw 
SIG |a UB: KB 8 E 5256